00832cam a22002653a 45000010005000000030006000050050017000110080041000280400015000690420007000840500007000911000029000982450066001272600029001935060030002225160020002526530031002726530047003036530053003506530025004036530048004287000021004768300028004978560041005255477PGUSA20140828083121.0040401s2004||||xxu|||||s|||||000 1 eng d aPGUSAbeng adc 4aPT1 aEbers, Georg,d1837-189810aCleopatra — Volume 05h[electronic resource] /cGeorg Ebers bProject Gutenberg,c2004 aPublic domain in the USA. aElectronic text aQueens -- Egypt -- Fiction aEgypt -- History -- 332-30 B.C. -- Fiction aCleopatra, Queen of Egypt, d. 30 B.C. -- Fiction aBiographical fiction aGerman fiction -- Translations into English1 aSafford, Mary J. 0aProject Gutenbergv547740uhttp://www.gutenberg.org/ebooks/5477